000 00437nam a2200181Ia 4500
001 17276
005 20260306170413.0
008 260306t2016||||xx |||||||||||||| ||und||
041 _aESP
082 _a657.6
_bG45
100 _aRodríguez Alarcón, Diana Rocío
_eAUT
245 0 _aFiscalización electrónica
260 _c2016
300 _a46 páginas :
_c24 cm.
650 _aGEN
654 _aCCO
942 _cLIB
_dJUS
_fJUS
_2ddc
_n
999 _c17276
_d17276